[Event "Stay Safe Play From Home 196"]
[Site "T#646541Emanuel Laske"]
[Date "2020.06.03"]
[Round "6"]
[White "EL sanbary"]
[Black "Broken sword"]
[Result "0-1"]
[WhiteElo "1910"]
[BlackElo "2460"]
[Annotator "TA"]
[PlyCount "40"]
[EventDate "2020.06.03"]
[EventType "swiss (blitz)"]

{[%evp 19,40,-39,-27,-28,-24,-28,-8,-14,-15,-45,-45,-48,-48,-53,-37,-257,-67,-79,-41,-647,-628,-645,-584]} 1. c4 c6 2. g3 d5 3. cxd5 cxd5 4. d4 Nf6 5. Bg2 Nc6 6. Nf3 Bf5 7. O-O e6 8. Nc3 Be7 9. Ne5 Rc8 10. Bf4 O-O 11. Rc1 {D13: Slav Defence: Exchange variation without ...Bf5.} Qb6 {[#]} 12. Qd2 $146 ({Predecessor:} 12. Na4 Qb5 13. Nxc6 Rxc6 14. Rxc6 Qxc6 15. Nc3 b5 16. Qd2 b4 17. Nb1 Rc8 18. f3 Qa6 {½-½ (76) Gaboyan,S (2114)-Grigoryan,K (2578) Khomein 2018}) 12... Rfd8 ({Much weaker is} 12... Nxd4 $6 13. Be3 $16) 13. Nxc6 {The position is equal.} Rxc6 14. Be5 Rdc8 15. Bxf6 Bxf6 16. e3 h6 17. Ne2 $2 (17. Na4 $15 Qc7 18. Rc3) 17... Qa6 $2 ({Black should try} 17... Rc2 $19 18. Qd1 Qxb2) 18. Rxc6 Rxc6 19. b3 $2 {[%mdl 8192]} (19. Nc3 $15) 19... Rc2 $19 {[%mdl 64] [#] Double Attack} 20. Qb4 Rxe2 {Accuracy: White = 40%, Black = 68%.} 0-1

[Event "Stay Safe Play From Home 196"]
[Site "T#646541Emanuel Laske"]
[Date "2020.06.03"]
[Round "6"]
[White "GIULIO19031975"]
[Black "Bigwig911"]
[Result "1-0"]
[WhiteElo "1784"]
[BlackElo "1456"]
[Annotator "NA RC"]
[PlyCount "75"]
[EventDate "2020.06.03"]
[EventType "swiss (blitz)"]

1. e4 {[%emt 0:00:02]} c6 {[%emt 0:00:01]} 2. Nf3 {[%emt 0:00:01]} d5 {[%emt 0:00:00]} 3. e5 {[%emt 0:00:01]} Bg4 {[%emt 0:00:03]} 4. d4 {[%emt 0:00:01]} e6 {[%emt 0:00:01]} 5. Be2 {[%emt 0:00:00]} Ne7 {[%emt 0:00:01]} 6. Nc3 {[%emt 0:00:01]} Ng6 {[%emt 0:00:01]} 7. Be3 {[%emt 0:00:01]} Be7 {[%emt 0:00:01]} 8. h3 {[%emt 0:00:00]} Bxf3 {[%emt 0:00:02]} 9. Bxf3 {[%emt 0:00:01]} O-O {[%emt 0:00:00]} 10. Qd2 {[%emt 0:00:00]} Nd7 {[%emt 0:00:00]} 11. O-O-O {[%emt 0:00:01]} c5 {[%emt 0:00:01]} 12. dxc5 {[%emt 0:00:01]} Nxc5 {[%emt 0:00:01]} 13. Bxc5 {[%emt 0:00:01]} Bxc5 {[%emt 0:00:01]} 14. h4 {[%emt 0:00:00]} Bxf2 {[%emt 0:00:02]} 15. h5 {[%emt 0:00:01]} Nf4 {[%emt 0:00:01]} 16. Qxf4 {[%emt 0:00:02]} h6 {[%emt 0:00:03]} 17. Bxd5 {[%emt 0:00:03]} Qb6 {[%emt 0:00:02]} 18. Qf3 {[%emt 0:00:08]} exd5 {[%emt 0:00:03]} 19. Nxd5 {[%emt 0:00:01]} Qc5 {[%emt 0:00:05]} 20. b4 {[%emt 0:00:03]} Be3+ {[%emt 0:00:09]} 21. Nxe3 {[%emt 0:00:04]} Qxe5 {[%emt 0:00:01]} 22. Kb1 {[%emt 0:00:05]} Rac8 {[%emt 0:00:01]} 23. Rc1 {[%emt 0:00:02]} Qc3 {[%emt 0:00:02]} 24. Nd5 {[%emt 0:00:03]} Qc6 {[%emt 0:00:03]} 25. Ne7+ {[%emt 0:00:01]} Kh7 {[%emt 0:00:01]} 26. Nxc6 {[%emt 0:00:01]} Rxc6 {[%emt 0:00:00]} 27. Rhe1 {[%emt 0:00:01]} Rb6 {[%emt 0:00:01]} 28. a3 {[%emt 0:00:01]} f5 {[%emt 0:00:01]} 29. Qd3 {[%emt 0:00:01]} Rbf6 {[%emt 0:00:01]} 30. g4 {[%emt 0:00:01]} Kg8 {[%emt 0:00:03]} 31. Re7 {[%emt 0:00:01]} f4 {[%emt 0:00:01]} 32. Qd5+ {[%emt 0:00:02]} R6f7 {[%emt 0:00:01]} 33. Rxf7 {[%emt 0:00:01]} Rxf7 {[%emt 0:00:01]} 34. g5 {[%emt 0:00:00]} f3 {[%emt 0:00:01]} 35. gxh6 {[%emt 0:00:01]} gxh6 {[%emt 0:00:02]} 36. Qe4 {[%emt 0:00:02]} f2 {[%emt 0:00:01]} 37. Qf4 {[%emt 0:00:00]} Rxf4 {[%emt 0:00:02]} 38. Rg1+ {[%emt 0:00:00] Time (Lag: Av=0.40s, max=0.7s) '} 1-0

[Event "Stay Safe Play From Home 196"]
[Site "T#646541Emanuel Laske"]
[Date "2020.06.03"]
[Round "6"]
[White "Grizzzly"]
[Black "Lazieri3"]
[Result "0-1"]
[WhiteElo "1722"]
[BlackElo "2002"]
[Annotator "TA"]
[PlyCount "92"]
[EventDate "2020.06.03"]
[EventType "swiss (blitz)"]

{[%evp 25,92,0,0,7,25,3,10,0,0,-18,48,0,0,-8,-27,-32,-41,-29,-16,-394,-401,-514,-512,-500,-509,-597,-583,-593,-573,-579,-575,-584,-572,-571,-564,-786,-777,-744,-736,-707,-685,-1733,-1518,-2162,-912,-29965,-8512,-29962,-6379,-29983,-29984,-29985,-29985,-29985,-29986,-29986,-29987,-29987,-29988,-29988,-29989,-29990,-29991,-29991,-29992,-29993,-29994,-29996,-29995]} 1. d4 c6 2. c4 d5 3. cxd5 cxd5 4. Nc3 Nc6 5. Nf3 Nf6 6. Bf4 Bf5 7. e3 e6 8. Bd3 Bxd3 9. Qxd3 Bd6 10. Bxd6 Qxd6 11. O-O O-O 12. Rac1 h6 13. a3 a6 14. Na4 {D10: Slav Defence: 3 cxd5 (without early Nf3) and 3 Nc3.} Rac8 15. Nc5 Rc7 {[#]} 16. Rfd1 $146 {The position is equal.} ({Predecessor:} 16. Rc2 Rfc8 17. Rfc1 Nd7 18. b4 Ne7 19. Nxb7 Qb6 20. Nc5 Nxc5 21. bxc5 Qa7 22. h3 f5 23. g3 Kf7 {1-0 (25) Danelia,M-Sasmazel,B Urgup 2004}) 16... Rfc8 17. b4 e5 (17... a5 $11) 18. dxe5 (18. Nxb7 $5 Qf8 19. Rxc6 $14 (19. Qxa6 e4 $15) (19. Nxe5 Nxe5 {[%mdl 64] Discovered Attack} 20. dxe5 Rxc1 $19)) 18... Nxe5 19. Nxe5 (19. Qd2 {looks sharper.} Nxf3+ 20. gxf3 b6 21. Nb3 Rc4 22. Rxc4 Rxc4 23. Nd4) 19... Qxe5 20. Qd4 Qxd4 21. exd4 Ne4 22. Nd3 $2 {[%mdl 8192] [#] This costs White the game.} (22. Ra1 $11) 22... Nc3 $1 $19 {[%cal Rc3e2] Hoping for ...Ne2+.} 23. Re1 {[#]} Ne2+ $1 {[%mdl 576] Discovered Attack, Deflection} 24. Rxe2 Rxc1+ 25. Re1 Rxe1+ 26. Nxe1 {[%mdl 4096] Endgame [#] KR-KN} Rc1 $1 {[%cal Rc1e1]} 27. Kf1 Ra1 28. Ke2 Ra2+ 29. Ke3 Rxa3+ 30. Nd3 Kf8 31. Kd2 Rxd3+ 32. Kxd3 {KP-KP} Ke7 33. f4 f5 34. g3 Kd6 35. h3 h5 36. g4 hxg4 (36... fxg4 $142 37. hxg4 hxg4 38. Ke3 b6 39. Kd3 a5 40. bxa5 bxa5 41. f5 a4 42. Kd2 g3 43. Ke2 a3 44. Kf3 a2 45. Kxg3 a1=Q 46. Kf2 Qxd4+ 47. Kf3 Ke5 48. f6 Qe4+ 49. Kg3 gxf6 50. Kh2 Qc2+ 51. Kh1 Kf4 52. Kg1 Kg3 53. Kh1 Qh2#) 37. hxg4 fxg4 {Black mates.} 38. Ke3 b6 39. f5 a5 40. bxa5 bxa5 41. Kf4 a4 42. Kxg4 a3 43. Kg5 a2 44. f6 gxf6+ 45. Kxf6 a1=Q 46. Kg7 Qxd4+ {Accuracy: White = 46%, Black = 94%.} 0-1

[Event "Stay Safe Play From Home 196"]
[Site "T#646541Emanuel Laske"]
[Date "2020.06.03"]
[Round "6"]
[White "Matanant"]
[Black "Mandy"]
[Result "1-0"]
[WhiteElo "1677"]
[BlackElo "1006"]
[Annotator "NA RC"]
[PlyCount "31"]
[EventDate "2020.06.03"]
[EventType "swiss (blitz)"]

1. e4 {[%emt 0:00:02]} c6 {[%emt 0:00:02]} 2. Nf3 {[%emt 0:00:00]} d5 {[%emt 0:00:01]} 3. exd5 {[%emt 0:00:01]} cxd5 {[%emt 0:00:01]} 4. d4 {[%emt 0:00:00]} Bg4 {[%emt 0:00:02]} 5. Bb5+ {[%emt 0:00:00]} Nd7 {[%emt 0:00:03]} 6. O-O {[%emt 0:00:02]} a6 {[%emt 0:00:01]} 7. Ba4 {[%emt 0:00:04]} b5 {[%emt 0:00:04]} 8. Bb3 {[%emt 0:00:01]} e6 {[%emt 0:00:04]} 9. h3 {[%emt 0:00:01]} Ngf6 {[%emt 0:00:01]} 10. hxg4 {[%emt 0:00:03]} Nxg4 {[%emt 0:00:02]} 11. Qe2 {[%emt 0:00:03]} f5 {[%emt 0:00:05]} 12. c3 {[%emt 0:00:01]} g6 {[%emt 0:00:02]} 13. Bg5 {[%emt 0:00:02]} Qc8 {[%emt 0:00:05]} 14. Qxe6+ {[%emt 0:00:02]} Be7 {[%emt 0:00:03]} 15. Bxd5 {[%emt 0:00:03]} Nxf2 {[%emt 0:00:16]} 16. Qxe7# {[%emt 0:00:02] (Lag: Av=0.60s, max=1.1s)} 1-0

[Event "Stay Safe Play From Home 196"]
[Site "T#646541Emanuel Laske"]
[Date "2020.06.03"]
[Round "6"]
[White "Meini"]
[Black "NeatFox"]
[Result "0-1"]
[WhiteElo "1613"]
[BlackElo "1763"]
[Annotator "NA RC"]
[PlyCount "100"]
[EventDate "2020.06.03"]
[EventType "swiss (blitz)"]

1. d4 {[%emt 0:00:02]} c6 {[%emt 0:00:00]} 2. Bf4 {[%emt 0:00:03]} d5 {[%emt 0:00:00]} 3. e3 {[%emt 0:00:01]} g6 {[%emt 0:00:01]} 4. Nf3 {[%emt 0:00:01]} Bg7 {[%emt 0:00:00]} 5. Bd3 {[%emt 0:00:01]} Nf6 {[%emt 0:00:00]} 6. Nbd2 {[%emt 0:00:01]} O-O {[%emt 0:00:00]} 7. c3 {[%emt 0:00:01]} Bg4 {[%emt 0:00:00]} 8. O-O {[%emt 0:00:02]} Bxf3 {[%emt 0:00:01]} 9. Qxf3 {[%emt 0:00:02]} Nbd7 {[%emt 0:00:00]} 10. e4 {[%emt 0:00:01]} dxe4 {[%emt 0:00:01]} 11. Nxe4 {[%emt 0:00:01]} Nxe4 {[%emt 0:00:01]} 12. Bxe4 {[%emt 0:00:01]} Nf6 {[%emt 0:00:00]} 13. Rae1 {[%emt 0:00:03]} Nxe4 {[%emt 0:00:01]} 14. Qxe4 {[%emt 0:00:02]} e6 {[%emt 0:00:01]} 15. Be5 {[%emt 0:00:01]} Qd5 {[%emt 0:00:01]} 16. Bxg7 {[%emt 0:00:02]} Qxe4 {[%emt 0:00:01]} 17. Rxe4 {[%emt 0:00:01]} Kxg7 {[%emt 0:00:01]} 18. Rfe1 {[%emt 0:00:01]} Rfd8 {[%emt 0:00:01]} 19. f4 {[%emt 0:00:01]} Rd5 {[%emt 0:00:01]} 20. g4 {[%emt 0:00:01]} Rad8 {[%emt 0:00:01]} 21. Re5 {[%emt 0:00:01]} Kf6 {[%emt 0:00:03]} 22. Kf2 {[%emt 0:00:03]} c5 {[%emt 0:00:04]} 23. dxc5 {[%emt 0:00:03]} Rd2+ {[%emt 0:00:01]} 24. R1e2 {[%emt 0:00:01]} Rxe2+ {[%emt 0:00:01]} 25. Rxe2 {[%emt 0:00:02]} Rd5 {[%emt 0:00:01]} 26. b4 {[%emt 0:00:02]} Rd3 {[%emt 0:00:01]} 27. Rc2 {[%emt 0:00:02]} e5 {[%emt 0:00:01]} 28. fxe5+ {[%emt 0:00:02]} Kxe5 {[%emt 0:00:00]} 29. a4 {[%emt 0:00:01]} f5 {[%emt 0:00:01]} 30. b5 {[%emt 0:00:01]} f4 {[%emt 0:00:02]} 31. c6 {[%emt 0:00:01]} bxc6 {[%emt 0:00:01]} 32. bxc6 {[%emt 0:00:01]} Kd6 {[%emt 0:00:01]} 33. c4 {[%emt 0:00:02]} Kxc6 {[%emt 0:00:01]} 34. c5 {[%emt 0:00:00]} Rd5 {[%emt 0:00:02]} 35. Rc4 {[%emt 0:00:00]} g5 {[%emt 0:00:01]} 36. h4 {[%emt 0:00:02]} h6 {[%emt 0:00:01]} 37. hxg5 {[%emt 0:00:01]} hxg5 {[%emt 0:00:00]} 38. Re4 {[%emt 0:00:02]} Rxc5 {[%emt 0:00:01]} 39. Re7 {[%emt 0:00:00]} a5 {[%emt 0:00:01]} 40. Rg7 {[%emt 0:00:01]} Rd5 {[%emt 0:00:01]} 41. Kf3 {[%emt 0:00:00]} Kc5 {[%emt 0:00:00]} 42. Kf2 {[%emt 0:00:01]} Kb4 {[%emt 0:00:00]} 43. Kf3 {[%emt 0:00:00]} Kxa4 {[%emt 0:00:00]} 44. Kf2 {[%emt 0:00:00]} Kb3 {[%emt 0:00:02]} 45. Kf3 {[%emt 0:00:00]} a4 {[%emt 0:00:00]} 46. Kf2 {[%emt 0:00:00]} a3 {[%emt 0:00:00]} 47. Kf3 {[%emt 0:00:00]} a2 {[%emt 0:00:00]} 48. Rb7+ {[%emt 0:00:01]} Kc2 {[%emt 0:00:01]} 49. Rc7+ {[%emt 0:00:01]} Kd1 {[%emt 0:00:01]} 50. Ra7 {[%emt 0:00:00]} Rd2 {[%emt 0:00:01] Zeit (Lag: Av=0.31s, max=0.6s)} 0-1

[Event "Stay Safe Play From Home 196"]
[Site "T#646541Emanuel Laske"]
[Date "2020.06.03"]
[Round "7"]
[White "Little champs"]
[Black "buzaglo"]
[Result "1-0"]
[WhiteElo "2216"]
[BlackElo "1922"]
[Annotator "TA"]
[PlyCount "127"]
[EventDate "2020.06.03"]
[EventType "swiss (blitz)"]

{[%evp 9,127,47,72,68,122,130,150,145,164,156,151,159,189,181,201,197,204,212,258,255,316,287,284,130,132,88,148,151,152,137,194,165,186,159,155,141,134,139,130,108,98,100,162,97,372,327,329,329,658,292,318,154,430,397,643,610,565,540,568,375,638,620,587,580,1508,1425,29984,29985,29985,29986,29986,29987,29990,29983,29993,29989,29989,29990,29990,29991,29993,29990,29992,29992,29992,29992,29992,29993,29993,29993,29993,29988,29990,29991,29991,29992,29994,29995,29995,29994,29994,29994,29994,29994,29994,29994,29994,29992,29995,29995,29995,29995,29996,29997,29997,29996,29996,29997,29997,5693]} 1. d4 e6 2. e3 d5 3. Nf3 c5 4. Be2 c4 5. O-O {[#]} Nc6 $146 ({Predecessor:} 5... Nf6 6. b3 b5 7. Bb2 Ne4 8. Nbd2 c3 9. Nxe4 cxb2 10. Bxb5+ Bd7 11. Bxd7+ Nxd7 {0-1 (59) Atterberg,D (1109)-Ymeri,R (1680) Cagliari 2019}) 6. b3 {D02: 1 d4 d5 2 Nf3 sidelines, including 2...Nf6 3 g3 and 2...Nf6 3 Bf4.} Nf6 ({Black should try} 6... cxb3 $14 7. axb3 Bd7) 7. bxc4 $16 dxc4 8. Bxc4 {White is clearly better.} Be7 9. c3 O-O 10. Nbd2 Na5 11. Bd3 Nc6 12. e4 e5 {[%cal Re5d4]} 13. d5 Nb8 14. Nxe5 Bd6 15. Nef3 Bg4 16. e5 (16. Nc4 $18 {is more deadly.}) 16... Bxe5 17. Qc2 Bxf3 (17... Qxd5 $142 18. c4 Qc5) 18. Nxf3 Bd6 19. c4 Bc5 (19... Nbd7 $16 20. Rb1 b6) 20. Bg5 {Bxh7+ is the strong threat.} h6 21. Bh4 Nbd7 22. Rfe1 Qc7 23. Bg3 Bd6 24. Rad1 Bxg3 25. hxg3 Nc5 {[#]} (25... Rfe8 $16 {keeps fighting.} 26. Qb1 b6) 26. Bf5 (26. d6 $1 $18 {[%cal Rd6c7]} Qa5 27. Bf5) 26... b5 $2 {[%mdl 8192]} (26... Rae8 $16 {might work better.} 27. Qd2 Rxe1+ 28. Rxe1 Re8) 27. cxb5 Qd6 28. a4 Rac8 $2 (28... Rfe8 29. Rxe8+ Rxe8) 29. Qd2 (29. Bxc8 $142 Rxc8 30. Nh4) 29... Rc7 30. Nd4 (30. Qd4 $18) 30... Ncd7 $2 {Black cannot hold the game after this.} (30... Nxa4 $16 31. b6 Qxb6) 31. Nc6 Re8 $2 (31... a6 32. Bxd7 Nxd7 33. bxa6 Nb8) 32. Rxe8+ Nxe8 33. Re1 {[%cal Bd1e1,Be1e3,Be3h3][%mdl 32]} Nef6 34. g4 Nc5 $2 (34... Nb6 35. Qd4 Nbxd5) 35. g5 $18 hxg5 36. Qxg5 Qf8 37. Re3 Nxd5 38. Rh3 {White mates.} g6 39. Bxg6 fxg6 40. Qxd5+ Qf7 41. Qxc5 Kg7 42. Qd4+ Qf6 {[#]} 43. Rh7+ $1 {[%mdl 64] Deflection} Kxh7 44. Qxf6 Rg7 45. Ne5 a5 46. Ng4 Kg8 47. Nh6+ Kh7 48. Nf7 Kg8 49. Nd6 Kh7 {[#]} 50. Qxg7+ $1 {[%mdl 64] Promotion} Kxg7 {[%mdl 4096] Endgame KN-KPP} 51. b6 g5 52. b7 g4 53. b8=Q g3 54. Qc7+ Kf6 55. Qd8+ Ke5 56. Qe7+ Kd4 57. Qf6+ Kc5 58. Qf5+ Kb4 59. Qe4+ Kc3 60. Qe3+ Kb2 61. Qxg3 Kc1 62. Qe3+ Kb2 63. Qd3 Ka1 64. Qe2 {Accuracy: White = 64%, Black = 33%.} (64. Nc4 $142 Ka2 65. Qc2+ Ka1 66. Qb2#) 1-0

[Event "Stay Safe Play From Home 196"]
[Site "T#646541Emanuel Laske"]
[Date "2020.06.03"]
[Round "7"]
[White "Lazieri3"]
[Black "Matanant"]
[Result "1-0"]
[WhiteElo "2008"]
[BlackElo "1678"]
[Annotator "TA"]
[PlyCount "53"]
[EventDate "2020.06.03"]
[EventType "swiss (blitz)"]

{[%evp 9,53,60,75,-6,-10,-73,0,-13,37,0,0,0,-7,-8,-7,-21,-18,-51,-22,-30,-27,-22,-25,-58,-49,-49,11,-52,-47,-55,-55,-55,-52,-77,-77,-74,-70,-72,-67,-79,-89,-100,-79,-79,-79,-88]} 1. e4 e5 2. Nc3 Nf6 3. Nf3 Nc6 4. d4 Bd6 5. dxe5 Nxe5 6. Nxe5 {C47: Scotch Four Knights and Four Knights with 4 g3.} (6. Nb5 $16) 6... Bxe5 $11 7. f3 {[#]} (7. Bd3 $11) 7... Bxc3+ $146 (7... O-O $17) ({Predecessor:} 7... c6 8. Be3 d5 9. exd5 cxd5 10. f4 Bc7 11. Qd2 Bg4 12. h3 Be6 13. O-O-O Qd6 {1-0 (61) Vardaka,S (1021)-Tsiligianni,I Rio 2018}) 8. bxc3 {The position is equal.} h6 9. Bc4 d6 10. Be3 O-O 11. O-O Be6 12. Bxe6 fxe6 13. c4 Nd7 14. Qd2 Qe7 15. Rab1 b6 16. Bd4 e5 17. Be3 g5 {[#]} (17... Kh7 $15) 18. h3 ({White should try} 18. h4 $1 $11 {[%mdl 512]}) 18... Rf7 19. a4 a5 $1 20. Qd5 Raf8 21. Kh1 Kh7 22. Qd2 Rg8 23. Rg1 Nf8 24. Rbf1 Ng6 {Black is better.} 25. Rf2 Nf4 26. Bxf4 gxf4 27. c5 {[%mdl 32768] Accuracy: White = 60%, Black = 82%. . Loss on time!?} 1-0

[Event "Stay Safe Play From Home 196"]
[Site "T#646541Emanuel Laske"]
[Date "2020.06.03"]
[Round "7"]
[White "NeatFox"]
[Black "Mepe_Nika"]
[Result "0-1"]
[WhiteElo "1773"]
[BlackElo "2349"]
[Annotator "TA"]
[PlyCount "86"]
[EventDate "2020.06.03"]
[EventType "swiss (blitz)"]

{[%evp 9,86,-153,-99,-103,-99,-164,-152,-149,-101,-139,-119,-152,-152,-149,-159,-154,-159,-204,-187,-272,-123,-231,-187,-168,-169,-196,-193,-200,-200,-197,-106,-551,-540,-479,182,189,202,202,209,222,199,108,110,98,104,0,0,0,0,-151,-150,-553,-553,-553,-527,-549,-448,-435,-375,-368,-368,-374,-311,-286,-277,-295,-228,-254,-252,-366,-339,-347,-145,-149,0,-4,0,-169,-135]} 1. g4 d5 2. Bg2 c6 3. c4 dxc4 4. Qa4 Bxg4 5. Qxc4 {[#]} Qc8 $146 ({Better is} 5... Nf6 6. h3 Bh5) ({Predecessor:} 5... Nf6 6. d3 e5 7. Bg5 Nbd7 8. Bxf6 Nxf6 9. h3 Be6 10. Qc3 Qb6 11. a3 Nd5 12. Bxd5 cxd5 {0-1 (25) Fernandez,Q (1455)-Yanushkevich,E ICCF email 2019}) 6. Nc3 {A00: Irregular Openings.} Nf6 7. Qb3 (7. d4 $17) 7... Nbd7 8. d4 e6 9. Nf3 Bd6 10. e4 {Threatening e5.} e5 11. dxe5 Nxe5 12. Nxe5 Bxe5 13. Bd2 O-O 14. O-O (14. f3 $142 Bh3 15. Bf1) 14... Bh3 (14... Qd7 $19 15. Be3 Bf3 $1 {[%mdl 512]}) 15. f3 (15. Nd5 $17 {was the only chance.} cxd5 16. Bxh3) 15... Bxg2 16. Kxg2 Qc7 17. h3 Rad8 18. Rad1 Nh5 19. Ne2 Rd6 ({Black should play} 19... Qd6 $19 {White must now prevent ...Qg6+.} 20. Kh1 Qe7) 20. Qe3 $2 {[%mdl 8192]} (20. f4 $17 Rfd8 21. Bc1) 20... Rfd8 $19 {Strongly threatening ...Rg6+.} 21. f4 Rxd2 $4 {[%mdl 8192]} (21... Bxb2 $19 {and life is good for Black.} 22. e5 Rd5) 22. Rxd2 $18 Rxd2 23. Qxd2 Bf6 24. e5 Be7 25. Qd3 (25. Rd1 $18 {Hoping for Qd7.} Qb6 26. Kf3) 25... g6 $16 26. Rf3 Ng7 {[#]} 27. Re3 ({White should try} 27. Ng3 $1 $16) 27... Nf5 $11 28. Re4 Qb6 29. Nd4 $2 (29. b3 $11) 29... Qxb2+ $17 30. Re2 $2 (30. Qe2 $17 Nh4+ 31. Kh2) 30... Qxd4 $19 31. Qxd4 Nxd4 32. Rd2 Ne6 33. Rd7 Kf8 34. Rxb7 Nxf4+ 35. Kf3 Nd3 36. Rxa7 Nxe5+ 37. Ke4 Nc4 38. Ra8+ Kg7 39. Ra7 (39. Kd4 {is a better defense.} Na3 40. Kc3) 39... Bc5 40. Rc7 Nd6+ (40... Na5 $19 {is more deadly. Threatens to win with ...Bb6.} 41. Kd3 Kf6) 41. Kd3 Nf5 (41... Ne8 $17 42. Rxc6 Ba7) 42. Rxc6 $11 Ba7 43. Kc4 $2 (43. a4 $11 {and White has nothing to worry.}) 43... Bf2 {Accuracy: White = 35%, Black = 55%.} 0-1

[Event "Stay Safe Play From Home 196"]
[Site "T#646541Emanuel Laske"]
[Date "2020.06.03"]
[Round "7"]
[White "Meini"]
[Black "GIULIO19031975"]
[Result "1-0"]
[WhiteElo "1603"]
[BlackElo "1788"]
[Annotator "NA RC"]
[PlyCount "97"]
[EventDate "2020.06.03"]
[EventType "swiss (blitz)"]

1. d4 {[%emt 0:00:05]} c6 {[%emt 0:00:01]} 2. Bf4 {[%emt 0:00:02]} d5 {[%emt 0:00:00]} 3. e3 {[%emt 0:00:01]} Nf6 {[%emt 0:00:01]} 4. Nf3 {[%emt 0:00:00]} e6 {[%emt 0:00:01]} 5. h3 {[%emt 0:00:00]} Bd6 {[%emt 0:00:00]} 6. Be2 {[%emt 0:00:01]} Bxf4 {[%emt 0:00:01]} 7. exf4 {[%emt 0:00:00]} Qc7 {[%emt 0:00:01]} 8. O-O {[%emt 0:00:01]} Qxf4 {[%emt 0:00:01]} 9. Bd3 {[%emt 0:00:01]} Qd6 {[%emt 0:00:01]} 10. c3 {[%emt 0:00:00]} Nbd7 {[%emt 0:00:01]} 11. Nbd2 {[%emt 0:00:00]} O-O {[%emt 0:00:01]} 12. Qc2 {[%emt 0:00:00]} h6 {[%emt 0:00:01]} 13. Rae1 {[%emt 0:00:01]} Re8 {[%emt 0:00:06]} 14. Ne5 {[%emt 0:00:00]} Nxe5 {[%emt 0:00:02]} 15. Rxe5 {[%emt 0:00:02]} Bd7 {[%emt 0:00:02]} 16. f4 {[%emt 0:00:01]} Ne4 {[%emt 0:00:01]} 17. Nxe4 {[%emt 0:00:02]} dxe4 {[%emt 0:00:01]} 18. Bxe4 {[%emt 0:00:01]} f6 {[%emt 0:00:01]} 19. Ra5 {[%emt 0:00:03]} a6 {[%emt 0:00:02]} 20. Bg6 {[%emt 0:00:02]} Rf8 {[%emt 0:00:01]} 21. f5 {[%emt 0:00:02]} exf5 {[%emt 0:00:01]} 22. Bxf5 {[%emt 0:00:03]} Bxf5 {[%emt 0:00:01]} 23. Qxf5 {[%emt 0:00:01]} b5 {[%emt 0:00:01]} 24. Qg4 {[%emt 0:00:04]} Qe7 {[%emt 0:00:04]} 25. c4 {[%emt 0:00:02]} bxc4 {[%emt 0:00:01]} 26. Raf5 {[%emt 0:00:02]} Qf7 {[%emt 0:00:01]} 27. Qe2 {[%emt 0:00:03]} Rae8 {[%emt 0:00:01]} 28. Qc2 {[%emt 0:00:02]} a5 {[%emt 0:00:01]} 29. b3 {[%emt 0:00:01]} cxb3 {[%emt 0:00:01]} 30. axb3 {[%emt 0:00:00]} a4 {[%emt 0:00:01]} 31. bxa4 {[%emt 0:00:02]} Kh8 {[%emt 0:00:01]} 32. Qxc6 {[%emt 0:00:01]} Rc8 {[%emt 0:00:01]} 33. d5 {[%emt 0:00:00]} Rxc6 {[%emt 0:00:01]} 34. dxc6 {[%emt 0:00:00]} Qc7 {[%emt 0:00:01]} 35. Rc1 {[%emt 0:00:01]} Re8 {[%emt 0:00:01]} 36. Rd5 {[%emt 0:00:00]} Re5 {[%emt 0:00:01]} 37. Rd7 {[%emt 0:00:00]} Qa5 {[%emt 0:00:02]} 38. c7 {[%emt 0:00:01]} Rc5 {[%emt 0:00:03]} 39. c8=Q+ {[%emt 0:00:00]} Rxc8 {[%emt 0:00:01]} 40. Rxc8+ {[%emt 0:00:01]} Kh7 {[%emt 0:00:01]} 41. Rcc7 {[%emt 0:00:00]} Qxa4 {[%emt 0:00:01]} 42. Rxg7+ {[%emt 0:00:00]} Kh8 {[%emt 0:00:01]} 43. Rgf7 {[%emt 0:00:01]} Kg8 {[%emt 0:00:01]} 44. Rxf6 {[%emt 0:00:01]} Qa1+ {[%emt 0:00:02]} 45. Kh2 {[%emt 0:00:03]} Qxf6 {[%emt 0:00:01]} 46. Rc8+ {[%emt 0:00:01]} Kg7 {[%emt 0:00:01]} 47. Rc7+ {[%emt 0:00:00]} Kg6 {[%emt 0:00:00]} 48. Rc5 {[%emt 0:00:01]} Qe5+ {[%emt 0:00:00]} 49. Kh1 {[%emt 0:00:02] (Lag: Av=0.23s, max=0.6s)} 1-0

[Event "Stay Safe Play From Home 196"]
[Site "T#646541Emanuel Laske"]
[Date "2020.06.03"]
[Round "7"]
[White "Trotsky"]
[Black "SoulofWolf"]
[Result "0-1"]
[WhiteElo "1569"]
[BlackElo "2201"]
[Annotator "TA"]
[PlyCount "72"]
[EventDate "2020.06.03"]
[EventType "swiss (blitz)"]

{[%evp 9,72,20,39,14,22,13,18,-29,-28,-247,31,-166,-178,-154,-59,-291,-120,-284,-102,-240,-102,-102,-89,-461,-336,-403,-404,-862,-866,-833,-812,-1277,-1279,-1280,-1270,-1305,-1325,-1314,-1313,-1308,-1301,-1262,-1283,-1314,-1312,-1471,-1323,-1316,-1314,-1433,-1416,-29998,-1610,-2161,-1478,-29983,-29984,-29992,-29993,-29998,-29996,-29998,-29995,-29995,-29996]} 1. d4 d6 2. e3 Nf6 3. c4 Nbd7 4. Nc3 g6 5. Bd3 Bg7 6. Qc2 {A45: Trompowsky Attack.} O-O 7. Nf3 Re8 {[#]} 8. Ng5 $146 {The position is equal.} ({Predecessor:} 8. e4 e5 9. d5 Nc5 10. Bg5 c6 11. Bxf6 Qxf6 12. b4 Nxd3+ 13. Qxd3 Bg4 14. h3 Bxf3 15. Qxf3 Qxf3 16. gxf3 {1-0 (35) Gomez Portillo,S-Cusi Sierra,P Valencia 2009}) 8... e5 {...exd4 is the strong threat.} 9. h4 $2 (9. O-O $11 {and White has nothing to worry.}) 9... h5 $2 (9... exd4 $19 10. Nb5 Ng4) 10. Bxg6 $2 (10. O-O $14 {keeps the upper hand.}) 10... fxg6 $19 11. Qxg6 Nf8 (11... Qe7 $17 12. O-O Nf8) 12. Qc2 $2 (12. Qf7+ $15 Kh8 13. Nd5) 12... Bd7 (12... exd4 $19 {has better winning chances.} 13. Nd5 c6 14. Nxf6+ Qxf6) 13. Bd2 $2 (13. dxe5 $17 Rxe5 14. e4) 13... Qc8 $2 (13... exd4 $19 14. Ne2 Ng4) 14. O-O-O (14. dxe5 $17 Rxe5 15. f3) 14... Bf5 (14... exd4 $19 {and Black stays clearly on top.} 15. exd4 Bf5) 15. e4 $17 Bg6 16. f4 $2 {[%mdl 8192]} (16. dxe5 $17 {is a better chance.} dxe5 17. f3) 16... exf4 17. Bxf4 Qg4 18. c5 (18. g3 $142) 18... Qxf4+ $19 {[%mdl 64] [#] Double Attack} 19. Kb1 d5 20. Nxd5 Nxd5 {[%mdl 64] Pin} 21. Qc4 Bxe4+ {[%mdl 64] Double Attack} 22. Ka1 Kh8 23. Rhf1 Qg4 24. Nf7+ Kh7 {[#] Hoping for ...Ne3.} 25. Ng5+ Kh6 26. Nf7+ Kg6 27. Ne5+ Bxe5 28. dxe5 Rxe5 29. g3 c6 30. Rf4 Qe6 (30... Qxd1+ $142 31. Qc1 Qxc1#) 31. Rdf1 Nh7 32. Rf6+ Nhxf6 {Black mates.} 33. Rxf6+ Qxf6 34. Qc3 Rf8 35. Qd4 a5 36. a3 Qf1+ {Accuracy: White =  5%, Black = 27%.} 0-1